Vplyv nepárnych harmonických na zaťaženie stredného vodiča NN siete

Gespeichert in:
Bibliographische Detailangaben
1. Verfasser: Gavora, Dušan (Verfasst von)
Weitere Verfasser: Kujan, Vladimír (Betreuung Doktorarbeit)
Format: Manuskript Buch
Sprache:Slowakisch
Veröffentlicht: Bratislava : STU v Bratislave FEI, 2022
Schlagworte:
Online-Zugang:https://opac.crzp.sk/?fn=detailBiblioFormChildE4GQ1&sid=85CE14C1EED0152B7639D69735B2&seo=CRZP-detail-kniha
Tags: Tag hinzufügen
Keine Tags, Fügen Sie das erste Tag hinzu!

MARC

LEADER 00000ntm a22000003a 4500
001 stuzp89502
003 SK-STU
005 20230308084436.1
007 ta
008 150427s2015----xo-----f-mn---000-0-slo-d
040 |a STU  |b slo 
041 0 |a slo 
044 |a xo 
100 1 |a Gavora, Dušan  |u 032000  |4 aut  |U FEI Fakulta elektrotechniky a informatiky  |T FEI Ústav elektroenergetiky a aplikovanej elektrotechniky  |X 104165  |U E020  |Y 548  |7 104165 
242 0 1 |a Odd harmonics influence on neutral wire loading in LV power grid  |y eng 
245 1 0 |a Vplyv nepárnych harmonických na zaťaženie stredného vodiča NN siete 
260 |a Bratislava :  |b STU v Bratislave FEI,  |c 2022 
300 |a 86 s. 
650 4 |a vyššie harmonické  |2 slo 
650 4 |a NN sieť  |2 slo 
650 4 |a preťaženie  |2 slo 
650 4 |a neutrálny vodič  |2 slo 
650 4 |a nelineárna záťaž  |2 slo 
650 4 |a nonlinear load  |2 eng 
650 4 |a harmonics  |2 eng 
650 4 |a distribution power network  |2 eng 
650 4 |a neutral conductor  |2 eng 
650 4 |a overloading  |2 eng 
700 1 |a Kujan, Vladimír  |u 032000  |k Z8  |4 ths  |U FEI Fakulta elektrotechniky a informatiky  |T FEI Ústav elektroenergetiky a aplikovanej elektrotechniky  |X 19103  |U E020  |Y 548  |7 A000019103 
856 4 |u https://opac.crzp.sk/?fn=detailBiblioFormChildE4GQ1&sid=85CE14C1EED0152B7639D69735B2&seo=CRZP-detail-kniha